U.S. Cities with the Highest Elevation - Statistics

General Stats
  • This quiz has been taken 27,818 times
    12,679 since last reset
  • The average score is 13 of 37
Answer Stats
Elevation Population State City % Correct
5280 ft 2,985,871 Colorado Denver
98%
4226 ft 1,266,191 Utah Salt Lake City
81%
6035 ft 765,424 Colorado Colorado Springs
74%
2730 ft 811,336 Idaho Boise
70%
2001 ft 2,322,985 Nevada Las Vegas
70%
5312 ft 919,543 New Mexico Albuquerque
69%
7260 ft 155,664 New Mexico Santa Fe
64%
6062 ft 100,723 Wyoming Cheyenne
60%
4505 ft 500,915 Nevada Reno
60%
5340 ft 327,468 Colorado Boulder
54%
2389 ft 1,057,597 Arizona Tucson
49%
3123 ft 190,208 Montana Billings
47%
3740 ft 872,195 Texas El Paso
45%
4551 ft 715,001 Utah Provo
45%
6910 ft 144,060 Arizona Flagstaff
41%
5003 ft 366,778 Colorado Fort Collins
34%
4300 ft 713,839 Utah Ogden
30%
4692 ft 169,544 Colorado Pueblo
30%
3605 ft 271,171 Texas Amarillo
26%
3209 ft 121,041 Montana Missoula
26%
4593 ft 158,636 Colorado Grand Junction
25%
4000 ft 223,337 New Mexico Las Cruces
25%
4705 ft 165,608 Idaho Idaho Falls
23%
3202 ft 328,283 Texas Lubbock
22%
2134 ft 476,072 North Carolina Asheville
18%
2860 ft 197,680 Utah St. George
18%
3623 ft 206,549 Oregon Bend
17%
4658 ft 350,176 Colorado Greeley
14%
3202 ft 145,159 South Dakota Rapid City
14%
2782 ft 177,216 Texas Midland
13%
2900 ft 160,869 Texas Odessa
13%
2188 ft 183,578 Idaho Coeur d'Alene
12%
4534 ft 155,362 Utah Logan
12%
3745 ft 119,007 Idaho Twin Falls
12%
5368 ft 246,191 Arizona Prescott
9%
5395 ft 120,418 New Mexico Farmington
8%
2080 ft 165,812 Virginia Blacksburg
5%
No matching quizzes found
Score Distribution
Percent of People with Each Score
Percentile by Number Answered
Your Score History
You have not taken this quiz since the last reset